| 000 | 02522nam a2200337 a 4500 | ||
|---|---|---|---|
| 008 | 120416s1986 ||||||||||||||||| || u | ||
| 020 | _a0582988748 | ||
| 050 | _aTA 545 Ban | ||
| 100 | _aRaymond, S | ||
| 245 | 1 | 0 | _aSurveying. (5th ed.) |
| 250 | _a5th ed. | ||
| 260 |
_aEssex: _bLongman _c1986 |
||
| 300 | _ax, 510p. : ill | ||
| 350 | _a0.00 | ||
| 650 | 0 | _aSURVEYING | |
| 650 | _aENGINEERING | ||
| 700 | _aBannister, A | ||
| 995 |
_aTEXTBOOKS (MIN.ENG.) _D0.00 _e03148 _FCBU-SCHOOL TEXTBOOK COLLECTIONS _H1 _I0.00 _jSCHOOL TEXTBOOK _M7 _UAVAILABLE _WAug 7, 2009 _y03148 _ZSchool Collections |
||
| 995 |
_aTEXTBOOKS (MIN.ENG.) _D0.00 _e5121 _FCBU-SCHOOL TEXTBOOK COLLECTIONS _H1 _I0.00 _jSCHOOL TEXTBOOK _M9 _UAVAILABLE _WAug 21, 2009 _y5121 _ZSchool Collections |
||
| 995 |
_aANNEX COLLECTION (Main Library) _D0.00 _e721980 _FCBU-MAIN LIBRARY (Kitwe) _H4 _I12.95 _jTA 545 Ban _M5 _UAVAILABLE _y014211 _ZAnnex Low-Usage Collection |
||
| 995 |
_aTEXTBOOKS (MIN.ENG.) _D0.00 _e5122 _FCBU-SCHOOL TEXTBOOK COLLECTIONS _H1 _I0.00 _jSCHOOL TEXTBOOK _M10 _UAVAILABLE _WAug 21, 2009 _y5122 _ZSchool Collections |
||
| 995 |
_aTEXTBOOKS (MIN.ENG.) _D0.00 _e5123 _FCBU-SCHOOL TEXTBOOK COLLECTIONS _H1 _I0.00 _jSCHOOL TEXTBOOK _M11 _UAVAILABLE _WAug 21, 2009 _y5123 _ZSchool Collections |
||
| 995 |
_aMAIN LIBRARY OPEN ACCESS _D0.00 _e707388 _FCBU-MAIN LIBRARY (Kitwe) _H3 _I12.95 _jTA 545 Ban _M6 _UAVAILABLE _y026812 _ZMain Library Open Access Collection |
||
| 995 |
_aMAIN LIBRARY OPEN ACCESS _D0.00 _e714062 _FCBU-MAIN LIBRARY (Kitwe) _H1 _I12.95 _jTA 545 Ban _M3 _UAVAILABLE _y014209 _ZMain Library Open Access Collection |
||
| 995 |
_aTEXTBOOKS (MIN.ENG.) _D0.00 _e5120 _FCBU-SCHOOL TEXTBOOK COLLECTIONS _H1 _I0.00 _jSCHOOL TEXTBOOK _M8 _UAVAILABLE _WAug 21, 2009 _y5120 _ZSchool Collections |
||
| 995 |
_aBINDERY (DAMAGED) _D0.00 _e714060 _FCBU-MAIN LIBRARY (Kitwe) _H5 _I12.95 _jTA 545 Ban _M1 _UDAMAGED _y014207 _ZMain Library Open Access Collection |
||
| 995 |
_aTEXTBOOKS (MIN.ENG.) _D0.00 _e5125 _FCBU-SCHOOL TEXTBOOK COLLECTIONS _H1 _I0.00 _jSCHOOL TEXTBOOK _M13 _UAVAILABLE _WAug 21, 2009 _y5125 _ZSchool Collections |
||
| 995 |
_aBINDERY (DAMAGED) _D0.00 _e727387 _FCBU-MAIN LIBRARY (Kitwe) _H2 _I12.95 _jTA 545 Ban _M2 _UDAMAGED _y014208 _ZMain Library Open Access Collection |
||
| 995 |
_aMAIN LIBRARY OPEN ACCESS _D0.00 _e714061 _FCBU-MAIN LIBRARY (Kitwe) _H6 _I12.95 _jTA 545 Ban _M4 _UAVAILABLE _y014210 _ZMain Library Open Access Collection |
||
| 995 |
_aTEXTBOOKS (MIN.ENG.) _D0.00 _e5124 _FCBU-SCHOOL TEXTBOOK COLLECTIONS _H1 _I0.00 _jSCHOOL TEXTBOOK _M12 _UAVAILABLE _WAug 21, 2009 _y5124 _ZSchool Collections |
||
| 999 |
_c80855 _d80855 |
||